000
00298nam a22001337a 4500
008
180313b xxu||||| |||| 00| 0 eng d
020
_a
9780757508226
041
_a
eng
080
_2
3rd
_a
6112
100
_a
7
101
_a
ANA
245
_a
Basic Human physiology
_c
Pflanzer,R
942
_2
udc
_c
BK
999
_c
44813
_d
44813